Представление документа в формате RUSMARC

ПолеНазваниеЗначение
  Тип записи a
  Библиографический уровень m
001 Контрольный номер RU/CBS_UL/BASE/df8b1d98c3e74ff9a16975d50aca2c16
005 Дата корректировки 20260120134039.4
010 Индекс ISBN __
a ISBN 5-203-00230-4
b Уточнения в пер.
d Цена 1 р. 20 к.
9 Тираж 50 000 экз.
100 Данные общей обработки __
a Данные общей обработки 20260120d 0rusy0189## ca
101 Язык документа 0_
a Язык текста rus
102 Страна публикации __
a Страна публикации RU
200 Заглавие и сведения об ответственности 1_
a Заглавие Герои Халхин-Гола
f Первые сведения об ответственности Н. М. Румянцев
210 Выходные данные 1_
a Место издания Москва
c Издательство Воениздат
d Дата издания 1989
215 Физическое описание __
a Объем 384 с.
c Иллюстрации/тип воспроизводства портр.
d Формат 21 см.
300 Общие примечания __
a Общие примечания 18+
300 Общие примечания __
a Общие примечания Под инв. номером 21344: Цс-2, 3-1, 18-1
606 Тематические рубрики 0_
a Основная рубрика Халхин-Гол, бои 1939 г.
610 Ключевые слова 0_
a Ключевые слова Герои Советского Союза; очерки; Халхин-Гол; бои; мелитаристы; мужество в бою; героизм воинов
686 Индексы других классификаций __
2 Код системы rubbk
a Классификационный индекс 63.3(2)621
700 Автор _1
a Фамилия Румянцев
b Имя (инициалы) Н. М.
g Полное личное имя Николай Михайлович
801 Источник записи _0
a Страна RU
b Организация МБУК ЦБС г. Ульяновска
c Дата составления 20260120
g Правила каталогизации RCR
801 Источник записи _1
a Страна RU
b Организация МБУК ЦБС г. Ульяновска
c Дата составления 20260120
g Правила каталогизации RCR
852 Данные о местонахождении __
i Авторский знак Р 86
j Шифр хранения 63.3(2)62
901 Тип документа __
t Тип документа m
909 Создатель записи __
a Создатель записи obr6
b Дата создания записи 20260120